Terrakotovye statuetki Pantikapeia i Fanagorii /

Bibliographic Details
Main Author: Kobylina, M. M. (Marii͡a Mikhaĭlovna)
Format: Book
Language:Russian
Published: Moskva : Izd-vo Akademii nauk SSSR, 1961.
Subjects:

MARC

Tag First Indicator Second Indicator Subfields
LEADER 00000cam a2200000 4500
001 in00000587331
005 20151014084150.0
008 850801s1961 ruraf b 00110 ruso
010 |a  61041075  
035 |a (OCoLC)12334521 
035 |9 ACQ3967AM 
040 |a DLC  |c AZU  |d AZU  |d TXA  |d UtOrBLW 
049 |a TXAM  |c [A10897537] 
050 0 0 |a NB155  |b .K57 
100 1 |a Kobylina, M. M.  |q (Marii͡a Mikhaĭlovna) 
245 1 0 |a Terrakotovye statuetki Pantikapeia i Fanagorii /  |c M.M. Kobylina. 
264 1 |a Moskva :  |b Izd-vo Akademii nauk SSSR,  |c 1961. 
300 |a 179 pages, 37 unnumbered pages of plates :  |b illustrations ;  |c 23 cm. 
336 |a text  |b txt  |2 rdacontent 
337 |a unmediated  |b n  |2 rdamedia 
338 |a volume  |b nc  |2 rdacarrier 
500 |a On leaf preceding t. p.: Akademiia nauk SSSR. Institut arkheologii. 
500 |a Includes indexes. 
504 |a Bibliography: pages 175-[178]. 
650 0 |a Terra-cotta sculpture, Greek. 
999 |a MARS 
999 f f |s 5d1e50b1-5860-3a9d-9495-b9e0d09f2c80  |i c1c04f33-a42d-3016-841c-c1bf8bd0f218  |t 0 
952 f f |p noncirc  |a Texas A&M University  |b College Station  |c Sterling C. Evans Library  |d Bodrum (located in Turkey)  |t 0  |e NB155 .K57  |h Library of Congress classification  |i unmediated -- volume 
952 f f |p normal  |a Texas A&M University  |b College Station  |c Sterling C. Evans Library  |d Evans: Library Stacks  |t 0  |e NB155 .K57  |h Library of Congress classification  |i unmediated -- volume  |m A14810897537 
998 f f |a NB155 .K57  |t 0  |l Bodrum (located in Turkey) 
998 f f |a NB155 .K57  |t 0  |l Evans: Library Stacks